Tilastot visalle Nopea näppäily A-Z

Klikkaa tästä pelataksesi tätä visaa!

Yleistilastot

  • Tätä visaa on pelattu 22 122 kertaa
  • Keskiarvotulos 20 / 26

Vastaustilastot

Vastaus% Oikein
A
98%
E
92%
D
87%
I
87%
B
84%
F
84%
O
84%
C
82%
G
82%
H
82%
J
81%
K
81%
P
79%
Q
79%
L
78%
R
78%
T
74%
M
73%
S
73%
N
72%
U
72%
W
65%
Y
59%
V
57%
X
50%
Z
47%

Tulosjakauma

Persentiili vastausten määrän mukaan

Jokaisen tuloksen saaneiden osuus

Tuloshistoriasi

Et ole pelannut tätä visaa